The plant cell wall

Bibliographic Details
Main Author: FREY-WYSSLING
Format: Book
Published: Berlin ; Stuttgart : Borntraeger , 1976
Edition:3rd completely rev. ed.
Subjects:

MARC

LEADER 00000cam a2200000 7i4500
001 0000002761
005 20040107.0
020 0 0 |a 3443140092 
090 0 0 |a 581.3   |b FRE 1976 
100 1 0 |a FREY-WYSSLING   |h Albert 
245 1 4 |a The plant cell wall   |c by Albert Frey-Wyssling 
250 0 0 |a 3rd completely rev. ed. 
260 0 0 |a Berlin ; Stuttgart :   |b Borntraeger ,   |c 1976 
300 |a xi, 294 p. :   |b ill. ;   |c 25 cm. 
500 0 0 |a Includes bibliography : p. [243]-260 and indexes 
650 0 0 |a Plant cell walls 
998 |a JPSM 
999 |a 0000004414   |b Monograph   |c Open Shelf   |e Default branch